000 00544cam a22002174a 4500
001 13859355
003 OSt
005 20160402083527.0
008 050202s2005 nyu 000 1 eng
010 _a 2005043118
020 _a0399152806 (hdbk : acidfree paper)
040 _aSEKU
042 _apcc
050 0 0 _aPS 3568
_b.R6
082 0 0 _a813/.54
_222
100 1 _aRobards, Karen.
245 1 0 _aSuperstition /
_cKaren Robards.
260 _aNew York :
_bG.P. Putnam's Sons,
_c2005.
300 _a418 p. ;
_c23 cm.
942 _2lcc
_cGEN
999 _c12381
_d12381